Válka a vědeckotechnická revoluce /

Hlavní autor: Brátka, František
Další autoři: Kepka, Josef, 1950-
Jazyk: Čeština
Vydáno: Praha : Naše vojsko, 1971
Vydání: 1. vyd.
Edice: Knižnice vojenské teorie a praxe
Externí odkaz: Digitalizovaný dokument
Fyzický popis: 247 s. ; 8°
Knihy
Uloženo v:
LEADER 01305nam a22003612a 4500
001 001358536
003 CZ BrMZK
005 20140110111123.0
007 ta
008 140110s1971 xr er|||||||||||cze d
015 |a cnb000429495 
035 |a (OCoLC)85229834 
040 |a ABA001  |b cze  |c ABA001  |d ABA001  |d BOA001 
080 9 |a 001:62:355.01 
080 9 |a 62.001+001.126]:355.48 
080 9 |a 001.126+62.001]:355.48 
080 9 |a 355.48:[001.126+62.001 
100 1 |a Brátka, František  |7 jk01013001  |4 aut 
245 1 0 |a Válka a vědeckotechnická revoluce /  |c František Brátka, Josef Kepka 
250 |a 1. vyd. 
260 |a Praha :  |b Naše vojsko,  |c 1971 
300 |a 247 s. ;  |c 8° 
490 1 |a Knižnice vojenské teorie a praxe ;  |v sv. 13 
500 |a 3000 výt. 
504 |a Obsahuje bibliografii 
500 |a Dostupné též v digitální podobě v aplikaci Kramerius 
700 1 |a Kepka, Josef,  |d 1950-  |7 jo20000080524  |4 aut 
830 0 |a Knižnice vojenské teorie a praxe  |0 s 
856 4 1 |u http://www.digitalniknihovna.cz/mzk/uuid/uuid:2b2b4690-3ff3-11e9-8854-005056827e51  |y Digitalizovaný dokument  |x NDK 
910 |a BOA001  |b 2-0658.705 
990 |a BK 
991 |b 201401 
996 7 |b 2619011443  |c 2-0658.705  |l Sklad H1  |r Sklad / do 24 hodin  |n 0  |h HS212  |w 001393240  |u 000010  |a 1  |e BOA001  |j MZK50  |s A